Normal view
MARC view
- International City and History Symposium on Avcılar
Entry Meeting Name
001 - CONTROL NUMBER
- control field: 151259
003 - CONTROL NUMBER IDENTIFIER
- control field: TR-AnTOB
005 - DATE AND TIME OF LATEST TRANSACTION
- control field: 20251225151510.0
008 - FIXED-LENGTH DATA ELEMENTS
- fixed length control field: 251225n|eazannaab| |n aaa d
040 ## - CATALOGING SOURCE
- Original cataloging agency: TR-AnTOB
- Transcribing agency: TR-AnTOB
111 2# - HEADING--MEETING NAME
- Meeting name or jurisdiction name as entry element: International City and History Symposium on Avcılar
- Date of meeting: (2021 :
- Location of meeting: İstanbul)
411 2# - SEE FROM TRACING--MEETING NAME
- Meeting name or jurisdiction name as entry element: Uluslararası Avcılar Kent ve Tarih Sempozyumu
- Date of meeting: (2021 :
- Location of meeting: İstanbul)



